Reformtörekvések az 1881. évi csődtörvény megújítására

Elmentve itt :
Bibliográfiai részletek
Szerző: Pétervári Máté
Dokumentumtípus: Cikk
Megjelent: 2023
Sorozat:JOGTUDOMÁNYI KÖZLÖNY 78 No. 1
Tárgyszavak:
mtmt:33644028
Online Access:http://publicatio.bibl.u-szeged.hu/26736
LEADER 00689nab a2200193 i 4500
001 publ26736
005 20230313100345.0
008 230313s2023 hu o 0|| Magyar d
022 |a 0021-7166 
024 7 |a 33644028  |2 mtmt 
040 |a SZTE Publicatio Repozitórium  |b hun 
041 |a Magyar 
100 1 |a Pétervári Máté 
245 1 0 |a Reformtörekvések az 1881. évi csődtörvény megújítására  |h [elektronikus dokumentum] /  |c  Pétervári Máté 
260 |c 2023 
300 |a 23-32 
490 0 |a JOGTUDOMÁNYI KÖZLÖNY  |v 78 No. 1 
650 4 |a Jogtudomány 
856 4 0 |u http://publicatio.bibl.u-szeged.hu/26736/1/Reformtorekvesekaz1881.csodtorvenymegujitasara-P.M..pdf  |z Dokumentum-elérés